00557nam a2200169 a 450000100100000000500170001000800410002704000130006808200150008124500550009626000590015130000200021050000180023004900090024895201130025799900170037000001644620200929164921.0100305s1980 dr 000 0 spa d aDO-SdBNP axxxbT355b00aTextos para la base :bSindicalismo internacional. aSanto Domingo :bSecretaría General P. R. D.,c1980. a90 P. ;c22 cm. aIncluye notas aBNPD 0010718PDaPDbPDcHDd2010-03-05iLF1l0oxxx T355bp16446-10r2020-06-25w2020-06-25yLFPDZNo se presta c15981d15981